|
|
|
|
| LEADER |
00653cam a2200181 7i4500 |
| 001 |
0000050918 |
| 005 |
20200305090000.0 |
| 090 |
0 |
0 |
|a HF5438.25
|b .S26 2016
|
| 100 |
0 |
|
|a Samsinar Md Sidin
|
| 245 |
1 |
0 |
|a Selling with heart and soul :
|b transform yourselves to be sales superstars
|c Samsinar Md Sidin, Leow Chee Seng, Vincent Leong.
|
| 260 |
|
|
|a Manchester:
|b Human Behaviour Academy,
|c 2016.
|
| 300 |
|
|
|a vi, 298 p.:
|b col. ill.;
|c 21 cm.
|
| 500 |
|
|
|a Gift: Prof. Dr. Mohd Nor bin Nawawi
|
| 650 |
0 |
0 |
|a Sales personnel
|
| 650 |
0 |
0 |
|a Selling
|
| 700 |
3 |
|
|a Leow, Chee Seng
|
| 700 |
1 |
|
|a Vincent, Leong
|
| 999 |
|
|
|a 0000069324
|b BOK
|c OPEN SHELF
|e 1st Floor, Bestari Jaya
|